<?xml version="1.0" encoding="UTF-8"?>
<collection xmlns="http://www.loc.gov/MARC21/slim">
  <record>
    <leader>00000nam  2200000   4500</leader>
    <controlfield tag="001">INLIS000000000010816</controlfield>
    <controlfield tag="005">20210605040900</controlfield>
    <datafield tag="035" ind1="#" ind2="#">
      <subfield code="a">0010-0621000037</subfield>
    </datafield>
    <datafield tag="245" ind1="1" ind2="#">
      <subfield code="a">RANCANGAN PEMBELAJARAN DARING BERBASIS PROYEK (PROJECT-BASED LEARNING) PADA MATA KULIAH PENGENDALIAN PENCEMARAN UDARA PROGRAM STUDI TEKNIK LINGKUNGAN INSTITUT TEKNOLOGI KALIMANTAN /</subfield>
      <subfield code="c">Chandra Suryani Rahendaputri, B.Sc., M.Sc</subfield>
    </datafield>
    <datafield tag="100" ind1=" " ind2="#">
      <subfield code="a">RAHENDAPUTRI, Chandra Suryani</subfield>
    </datafield>
    <datafield tag="250" ind1="#" ind2="#">
      <subfield code="a">1</subfield>
    </datafield>
    <datafield tag="300" ind1="#" ind2="#">
      <subfield code="a">x, 52 halaman ; lampiran :</subfield>
      <subfield code="b">ilustrasi ;</subfield>
      <subfield code="c">30 cm</subfield>
    </datafield>
    <datafield tag="260" ind1="#" ind2="#">
      <subfield code="a">Samarinda :</subfield>
      <subfield code="b">Puslatbang KDOD,</subfield>
      <subfield code="c">2020</subfield>
    </datafield>
    <datafield tag="084" ind1="#" ind2="#">
      <subfield code="a">LATSAR 502 2020</subfield>
    </datafield>
    <datafield tag="650" ind1="#" ind2="#">
      <subfield code="a">Pelatihan Dasar</subfield>
    </datafield>
    <datafield tag="650" ind1="#" ind2="#">
      <subfield code="a">Laporan Aktualisasi</subfield>
    </datafield>
    <datafield tag="650" ind1="#" ind2="#">
      <subfield code="a">Teknologi Informasi</subfield>
    </datafield>
    <datafield tag="650" ind1="#" ind2="#">
      <subfield code="a">media sosial</subfield>
    </datafield>
    <datafield tag="650" ind1="#" ind2="#">
      <subfield code="a">inovasi pendidikan</subfield>
    </datafield>
    <datafield tag="650" ind1="#" ind2="#">
      <subfield code="a">perguruan tinggi</subfield>
    </datafield>
    <datafield tag="520" ind1="#" ind2="#">
      <subfield code="a">Laporan Aktualisasi Pelatihan Dasar ini didasarkan pada masih sediktinya jumlah pengunjung dari luar program studi pada media social program studi Teknik Lingkungan Institut Teknologi Kalimantan, sehingga dibuat empat kegiatan berdasarkan nilai ANEKA (Akuntabilitas, Nasionalisme, Etika public, Komitmen Mutu dan Anti korupsi), yaitu: memilih platform e-learning, Merumuskan konsep project-based  yang tepat pada Program Studi Teknik Lingkungan, Merumuskan metode evaluasi yang sesuai, dan Melakukan review terhadap draft rancangan pembelajaran berbasis proyek.</subfield>
    </datafield>
    <datafield tag="500" ind1="#" ind2="#">
      <subfield code="a">Coach : Lina Maulana, S.Sos., MPP&#13;
Penguji : Dr. Giri Saptoaji, SS., MA&#13;
Mentor : Dr. Eng. Lusi Ernawati, S.T., M.Sc.</subfield>
    </datafield>
    <datafield tag="990" ind1="#" ind2="#">
      <subfield code="a">LATSAR/502/2020</subfield>
    </datafield>
  </record>
</collection>
